000 00799nam a22002657a 4500
003 CHAP
005 20220329140617.0
008 971013s r 00010 d
010 _a54708
011 _a55680
035 _a59832
040 _cCHAP
090 _aFolleto 226
100 0 0 _aSanfourche, G.
_9102201
245 _aL'étude des variétes de cérisiers áa la Gran de Farrade
260 _a(s.l.) :
_b(s.e),
_c(s.a.)
300 _ap. 88-101
_b: ilus.
500 _a"Extrait du Rapport général de Congrês Pomo logique, Orléans 1959"
590 _aBATCH-UPD
_b10
_c20130110
_lUCH01
_h2145
590 _aCONVERSION
_b10
_c20130109
_lUCH01
_h1330
650 1 4 _aCereza
_xVariedades.
_921501
901 _aBK
942 _cFOLL
949 _aFolleto 226
_bBC
_cFOLL
_d-129226
_eTS1
_i59832
_si
999 _c54708
_d54708